00823nam a2200229Ia 4500008004100000041001200041082001200053100007600065245006800141260002200209300000800231365000600239520001300245546001200258630006800270650001300338655001300351730006800364942000900432999001900441952013300460101110s9999 xx 000 0 und d aENGLISH bSR32564 aBoard of studies the institute of chartered accountants of India (ICAI) aBusiness comunication paper 4 (professional education course-I) c2004bICAI, Noida a150 b0 aCommerce aENGLISH aBusiness comunication paper 4 (professional education course-I) aCommerce aCommerce aBusiness comunication paper 4 (professional education course-I) cBOOK c825065d825062 00104070aDBJbDBJc40Bd0000-00-00eDonated by Monica Tripathig0.00j3l0pDBJSR32564r2010-11-11 00:00:00w2010-11-11yBOOK